00554 a2200157 4500010001400000020002400014035001300038037001600051082001100067100001900078245007000097260004200167270010100209300003600310500005000346 aENG-89433 c1500.00a8170174252 aEN-72966 bDBAD / PUB14a701.171 aBhatnagar, Ved1 aShringar-the Ras Raj:cby Ved Bhatnagarba classical Indian view/ aNew DelhibAbhinav Publicationsc2004 aE-37, Hauz KhasbNew Delhie110 016cDelhimwww.abhinavexports.comk26566387, 26562784, 26524658 a119p.c24 cm ( Pbk.)bcol. ill. aIncludes bibliographical reference and index